| 000 | 00758cab a2200205 4500 | ||
|---|---|---|---|
| 001 | WB2610-28 | ||
| 008 | 090401t1990 xxu||||| |||| 00| 0 eng d | ||
| 035 | _a(Sirsi) u3512 | ||
| 041 | _aeng | ||
| 245 | _aReplacement of barn roof | ||
| 260 | _c1990 | ||
| 350 | _a0 | ||
| 490 |
_aEGCS _v(1990) 21 |
||
| 520 | _aIn Grayless v Watkinson CA 21 February 1990 it was held that the tenant `s claim to recover expenditure for the replacement of a barn roof from the landlord was limited by the Agriculture Maintenance, Repair and Insurance of Fixed Equipment) Regulations 1973. | ||
| 650 | _aPROPERTY-LANDLORD AND TENANT-TENANCIES-AGRICULTURAL TENANCIES | ||
| 650 | _aREPAIRS | ||
| 690 | _aLANDLORD AND TENANT-CASE LAW | ||
| 942 | _n0 | ||
| 948 | _c04/03/1997 | ||
| 999 |
_c2162 _d2162 |
||